|
|
|
|
| LEADER |
00000cam a2200000 a 4500 |
| 001 |
vtls010349412 |
| 003 |
SK-MaSNL |
| 005 |
20260301225404.0 |
| 008 |
240314s2012 xo dl f 000 0 slo |
| 015 |
|
|
|a SNBA2012/04-02383
|
| 020 |
|
|
|a 9788080585761
|q (brož.)
|
| 035 |
|
|
|a 70B4D279-ED00-4348-94C9-C84EC0440E2C
|
| 035 |
|
|
|a urn:nbn:sk:snk-amkwng
|
| 035 |
|
|
|a urn:nbn:sk:snk-am0082xr
|
| 040 |
|
|
|a SNK
|b slo
|c SNK
|e AACR2
|
| 041 |
0 |
|
|a slo
|b slo
|
| 044 |
|
|
|a xo
|c SK
|
| 072 |
|
7 |
|a 63
|x Poľnohospodárstvo a príbuzné oblasti vedy a techniky
|2 konspekt
|
| 072 |
|
7 |
|a 332
|x Regionálna ekonómia, regionálna ekonomika
|2 konspekt
|
| 080 |
|
|
|a 63
|2 2001
|
| 080 |
|
|
|a 338.43.02
|2 2001
|
| 080 |
|
|
|a 332.055.2(1-22)
|2 2001
|
| 080 |
|
|
|a 519.237.7
|2 2001
|
| 080 |
|
|
|a 332.14
|2 2001
|
| 080 |
|
|
|a 323.171/.174
|2 2001
|
| 080 |
|
|
|a (048.8)
|2 2001
|
| 100 |
1 |
|
|a Božík, Marian
|4 aut
|9 10434
|
| 245 |
1 |
0 |
|a Interakcia spoločenských zdrojov a dosahovaných úžitkov odvetvia poľnohospodárstva v regiónoch Slovenska
|c Marian Božík, Eva Uhrinčaťová
|
| 250 |
|
|
|a 1. vyd.
|
| 260 |
|
|
|a Bratislava
|b Výskumný ústav ekonomiky poľnohospodárstva a potravinárstva
|c 2012
|
| 300 |
|
|
|a 172 s., 52 s. text. príl.
|b grafy, tab.
|c 29 cm
|
| 366 |
|
|
|e 50 výt.
|
| 504 |
|
|
|a Bibliogr. s. 168-172. Zoz. použ. skrat.
|
| 546 |
|
|
|a Res. slov.
|
| 650 |
0 |
7 |
|a poľnohospodárstvo
|2 SNKPH
|9 679
|
| 650 |
0 |
7 |
|a poľnohospodárska politika
|2 SNKPH
|9 2210
|
| 650 |
0 |
7 |
|a rozvoj vidieka
|2 SNKPH
|9 2927
|
| 650 |
0 |
7 |
|a Agriculture
|2 SNKPHeng
|9 265172
|
| 650 |
0 |
7 |
|a Agricultural policy
|2 SNKPHeng
|9 327624
|
| 650 |
0 |
7 |
|a Rural development
|2 SNKPHeng
|9 317801
|
| 650 |
0 |
7 |
|a Factor analysis
|2 SNKPHeng
|9 325399
|
| 650 |
0 |
7 |
|a faktorová analýza
|2 SNKPH
|9 49912
|
| 650 |
0 |
7 |
|a regionálna politika
|2 SNKPH
|9 2351
|
| 650 |
0 |
7 |
|a Regional policy
|2 SNKPHeng
|9 315259
|
| 655 |
|
7 |
|a štúdie
|2 SNKPH
|9 57033
|
| 655 |
|
7 |
|a Studies
|2 SNKPHeng
|9 265573
|
| 700 |
1 |
|
|a Uhrinčaťová, Eva
|4 aut
|9 347619
|
| 919 |
|
|
|a 978-80-8058-576-1
|
| 958 |
|
|
|a NB
|
| 968 |
|
|
|d 63
|
| 999 |
|
|
|c 950706
|d 952636
|
| 952 |
|
|
|a SNK
|b SNK
|y PREZ
|7 0
|p 17A0885430
|o snkSB 82767
|i snk2012/6934
|8 0
|0 0
|1 0
|4 0
|d 2012-03-28
|f 1
|l 0
|r 2025-05-05 00:00:00
|w 2026-02-24
|
| 952 |
|
|
|a SNK
|b SNK
|y VYP
|7 0
|p 17A0885431
|o snkSB 82767 D1
|i snk2012/6935
|8 0
|0 0
|1 0
|4 0
|d 2012-03-28
|l 0
|r 2016-06-30 00:00:00
|w 2026-02-24
|